000 00268nam a2200109Ia 4500
001 1268602
005 20260417145253.0
008 260417s9999 xx 000 0 und d
020 _a9786255998057
245 0 _aSana Ne Oldu?
_cJames Catchpole
260 _bKetebe Çocuk
999 _c1268602
_d1268602